000 00814cam a2200205 a 4500
001 000005133
005 20200929151603.0
008 880425s1988 pr a 000 0 spa
020 _a0865814015
040 _aDO-SdBNP
_cDLC
_dDLC
050 0 0 _aPQ7439.R5525
_bA6 1988
082 _a861
_b20
_bR621o
100 1 _aRivera Viera, Juan Vicente,
_d1884-1953.
_cPadre
_914697
245 1 0 _aObra literaria /
_cJuan Vicente Rivera Viera ; compilación de Santiago Maunez Vizcarrondo.
260 _aSan Juan, Puerto Rico :
_bInstituto de Cultura Puertorriqueña :
_bDivision de Publicaciones y Grabaciones,
_c1988.
300 _a576 p. :
_bil. ;
_c24 cm.
700 1 _aMaunez Vizcarrondo, Santiago,
_d1924-
_eComp.
_914698
740 0 _aObra literaria del Padre Juan Vicente Rivera Viera.
910 _aCatalogación por copia / LC
999 _c4936
_d4936